| 000 | 00481cam a2200145 4500500 | ||
|---|---|---|---|
| 005 | 20251228090654.0 | ||
| 041 | _afre | ||
| 042 | _adc | ||
| 100 | 1 | 0 |
_aRoche, Anne _eauthor |
| 245 | 0 | 0 | _aJacques Viard (1920-2014) |
| 260 | _c2014. | ||
| 500 | _a45 | ||
| 786 | 0 | _nBulletin de l’Amitié Charles Péguy | 148 | 4 | 2014-04-07 | p. 457-458 | 0180-8567 | |
| 856 | 4 | 1 | _uhttps://shs.cairn.info/revue-bulletin-de-lamitie-charles-peguy-2014-4-page-457?lang=fr&redirect-ssocas=7080 |
| 999 |
_c1602581 _d1602581 |
||